ABA Teams - Statistics

General Stats
  • This quiz has been taken 81 times
  • The average score is 6 of 10
Answer Stats
Team % Correct
New York Nets
96%
Indiana Pacers
82%
Denver Nuggets
80%
San Antonio Spurs
73%
Kentucky Colonels
67%
Spirits of St. Louis
45%
Virginia Squires
43%
Utah Stars
41%
San Diego Sails
18%
Baltimore Claws
14%
No matching quizzes found
Score Distribution
Percent of People with Each Score
Percentile by Number Answered
Your Score History
You have not taken this quiz